Estudios en argumentación y retórica: teorías contemporáneas y aplicaciones

שמור ב:
מידע ביבליוגרפי
Main Authors: Santibañez Yañez, Cristián (Author), Riffo Ocares, Bernardo (Author)
פורמט: ספר
שפה:ספרדית
יצא לאור: Concepción Universidad de Concepción 2007
מהדורה:1a. ed
סדרה:Monografías
נושאים:
תגים: הוספת תג
אין תגיות, היה/י הראשונ/ה לתייג את הרשומה!

MARC

LEADER 00000cam a2200000 a 4500
001 UCI3719
003 CL-VaPUC
008 071123e20070000CL |||||||||||||||||spa|d
020 |a 9789562273169 
082 0 4 |a 808.5  |b SAN  |2 21 
100 0 |a Santibañez Yañez, Cristián  |e author  |9 525223 
700 0 |a Riffo Ocares, Bernardo  |e author  |9 525224 
245 1 0 |a Estudios en argumentación y retórica: teorías contemporáneas y aplicaciones 
250 |a 1a. ed 
300 |a 321 p 
942 |c BK 
945 |d 20071123 00:00:00  |a jtorresc 
260 |a Concepción  |b Universidad de Concepción  |c 2007 
650 0 |a Retórica   |9 266620 
650 0 |a Lingüística  |9 265068 
650 0 |a Estilo literario  |9 316417 
650 0 |a Oratoria  |9 307605 
583 |a last modification  |c 20130304 10:17:40  |k Rodrigo Vera 
490 0 |a Monografías 
999 |c 327837  |d 327835 
952 |0 0  |1 0  |4 0  |6 808_500000000000000_SAN_2007  |7 0  |8 A  |9 411311  |a FDOPOS  |b FDOPOS  |d 2019-11-22  |i 439013K  |o 808.5 SAN 2007  |p 439013K  |r 2025-01-22  |w 2019-11-22  |y BK  |k MLA